LEADER 01621nam a2200301 i 4500 001 000000148448 003 CaOOAMICUS 005 20060518000000.0 008 060518s2004 it u000 u ita u 013 $a125763 020 $a88-343-1963-X 040 $aSeMil$bita 245 10$aScuola, formazione, tecnologie didattiche :$bun modello di formazione integrata per gli Istituti religiosi socio-educativi /$ca cura di Pier Cesare Rivoltella. 260 $aMilano :$bV&P Università,$c2004. 300 $aXIV, 172 p. :$bill. ;$c22 cm. + [1] Cd-Rom. 490 0 $aV&P Università. Pedagogia e scienze dell'educazione. Ricerche 500 $aComprende : La rete e i nuovi modelli didattici per la Scuola. - Dono del Card. Dionigi Tettamanzi. 650 4$aInsegnanti - Istruzione professionale.$0(OLS)http://semarc/subject/14667 650 4$aTecnologia dell'informazione - Applicazioni alla didattica.$0(OLS)http://semarc/subject/28978 700 1 $aRivoltella, Pier Cesare,$d<1964- >.$0(OLS)http://semarc/name/5038 830 0$aUniversità. Pedagogia e scienze dell'educazione. Ricerche.$0(OLS)http://semarc/title/10443 850 $aSeMil 852 $aSeMil$W1$xVenegono$y1$m2O V 57$j100830$B100830$CSeMilBibl$Z2$F111377 $81 941 1 $a5 961 $aOmaggio: Tettamanzi Card. Dionigi 996 $6020$a88-343-1963-X$9(OLS)http://semarc/number/137333 996 $6245$aScuola, formazione, tecnologie didattiche :$bun modello di formazione integrata per gli Istituti religiosi socio-educativi$9(OLS)http://semarc/title/216978 996 $6260$aMilano :$bV&P Università$9(OLS)http://semarc/publisher/32087 LEADER 00897nam a2200229 i 4500 001 000000123698 003 CaOOAMICUS 005 20180320000000.0 008 180320n it u000 u ita u 013 $a96394 040 $aSeMil$bita 245 10$aVia Crucis$ca cura di Erminio Villa. 260 $a[S.l. :$bs.n.],$c[s.d.]$e(Tradate :$fConfeba Group,$g[s.d.]) 300 $a47 p. ;$c21 cm. 650 4$aVia Crucis - Testi.$0(OLS)http://semarc/subject/7737 650 4$aVia Crucis - Meditazioni.$0(OLS)http://semarc/subject/10367 700 1 $aVilla, Erminio,$c.$0(OLS)http://semarc/name/93188 850 $aSeMil 852 $aSeMil$W1$xVenegono$y1$m5B III 51/16$j78354$B78354$CSeMilBibl$Z2$F80625 $81 961 $aLascito: Tettamanzi Card. Dionigi 996 $6245$aVia Crucis$9(OLS)http://semarc/title/70124 996 $6260$a[S.l. :$bs.n.]$9(OLS)http://semarc/publisher/29751